000
00317nam a22001217a 4500
008
180426b xxu||||| |||| 00| 0 eng d
041
_a
eng
080
_a
043.3
100
_a
0
101
_a
MEK-BA
245
_a
Senzoret e Rrjetave pa Tela dhe Aplikimi i tyre ne Fusha te Ndryshme
_c
Haxhijakupi, Sh
942
_2
udc
_c
BK
999
_c
45574
_d
45574